| 000 | 00775cab a2200253 4500 | ||
|---|---|---|---|
| 001 | WB3501-16 | ||
| 008 | 090401t1999 xxu||||| |||| 00| 0 eng d | ||
| 035 | _a(Sirsi) u90545 | ||
| 041 | _aeng | ||
| 245 | _aEuro will have big effect | ||
| 260 | _c1999 | ||
| 350 | _a0 | ||
| 490 |
_aFarmers' Weekly _v130(1) 1 January 1999, 13(1) |
||
| 520 | _aDespite the UK deciding to wait before joining economic monetary union, the introduction of the Euro will have a significant impact on agriculture in the UK in 1999. | ||
| 650 | _aAGRICULTURAL INDUSTRY | ||
| 650 | _aECONOMIC AND MONETARY UNION | ||
| 650 | _aEMU | ||
| 650 | _aEURO | ||
| 650 | _aEUROPE | ||
| 650 | _aSINGLE EUROPEAN CURRENCY | ||
| 690 | _aEUROPE-SINGLE MARKET | ||
| 942 | _n0 | ||
| 948 | _c06/01/1999 | ||
| 999 |
_c57415 _d57415 |
||